[Event "AUTO-OPEN-4397"]
[Site "http://www.queenalice.com/game.php?id=1802850"]
[Date "2022.12.28"]
[Round "2"]
[White "ungern"]
[Black "CCapivara"]
[Result "0-1"]
[WhiteElo "1730"]
[BlackElo "2186"]

1. e4 d6 2. d4 Nf6 3. Nc3 c6 4. Nf3 Bg4 5. Be2 Nbd7 6. O-O e5 7. dxe5 dxe5 8.
Bd2 Bb4 9. a3 Bxc3 10. Bxc3 Qc7 11. Qd2 O-O 12. b4 Rad8 13. Qe3 b6 14. h3 Bh5
15. g4 Bg6 16. Bc4 Nxe4 17. Ng5 Nxc3 18. Qxc3 h6 19. Nf3 Kh8 20. Rfe1 Rfe8 21.
Rad1 f6 22. Qb2 Nf8 23. Rxd8 Qxd8 24. Qc3 Qc7 25. Rd1 Rd8 26. Rxd8 Qxd8 27. Ba6
Qd1+ 28. Ne1 Ne6 29. Bf1 Nd4 30. Kg2 Nxc2 31. Nxc2 Qxc2 32. Qa1 Be4+ 33. Kg1 Bd5
34. Bg2 Bxg2 35. Kxg2 c5 36. bxc5 bxc5 37. a4 c4 38. a5 c3 39. g5 hxg5 40. Qe1
Qd2 41. Qb1 c2 0-1

[Event "AUTO-OPEN-4397"]
[Site "http://www.queenalice.com/game.php?id=1802857"]
[Date "2022.12.28"]
[Round "2"]
[White "ungern"]
[Black "serinha"]
[Result "0-1"]
[WhiteElo "1764"]
[BlackElo "2698"]

1. e4 g6 2. d4 Bg7 3. d5 d6 4. Nc3 Nf6 5. Nf3 O-O 6. Be2 a6 7. O-O b5 8. Be3 b4
9. Na4 Bd7 10. b3 Bxa4 11. bxa4 Nxe4 12. Bd3 Nc3 13. Qd2 c5 14. dxc6 e5 15. Bg5
Qc7 16. a3 e4 17. Bc4 exf3 18. Bd5 Nxd5 19. Qxd5 fxg2 20. Kxg2 Bxa1 21. Rxa1
Nxc6 22. axb4 Nxb4 23. Qb3 Nxc2 24. Bh6 Qc6+ 25. Kg1 Rab8 26. Qa2 Rb4 27. Rc1
Rg4+ 28. Kf1 Re8 29. Be3 Rxe3 30. Rxc2 Qg2# 0-1

[Event "AUTO-OPEN-4397"]
[Site "http://www.queenalice.com/game.php?id=1802858"]
[Date "2022.12.28"]
[Round "2"]
[White "serinha"]
[Black "ungern"]
[Result "1-0"]
[WhiteElo "2696"]
[BlackElo "1755"]

1. f4 d5 2. Nf3 Nf6 3. g3 e6 4. Bg2 Nc6 5. O-O Be7 6. d3 O-O 7. a3 Bd7 8. e3 a6
9. Nbd2 b5 10. b3 h6 11. Bb2 Bc8 12. Qe2 Na7 13. Ne5 c6 14. g4 Bb7 15. g5 hxg5
16. fxg5 Nd7 17. Nxd7 Qxd7 18. Qh5 Qd6 19. Bxg7 Kxg7 20. Qh6+ Kg8 21. Ne4 dxe4
22. Bxe4 Rfd8 23. Qh7+ 1-0

[Event "AUTO-INT-3766"]
[Site "http://www.queenalice.com/game.php?id=1802904"]
[Date "2022.12.29"]
[Round "2"]
[White "ungern"]
[Black "darthvedder72"]
[Result "0-1"]
[WhiteElo "1746"]
[BlackElo "2047"]

1. e4 c5 2. d3 Nc6 3. Nc3 e6 4. Bd2 a6 5. Nf3 Bd6 6. Be2 Nge7 7. O-O O-O 8. Bg5
b5 9. a3 Nd4 10. Nxd4 cxd4 11. Nb1 e5 12. Bg4 Qe8 13. c3 Nc6 14. Nd2 Be7 15.
Bxe7 Qxe7 16. cxd4 Nxd4 17. Bf5 Nxf5 18. Qh5 Nd4 19. Nf3 Nxf3+ 20. Qxf3 d6 21.
Rac1 f5 22. exf5 Bxf5 23. Qd5+ Be6 24. Qc6 Rfc8 25. Qf3 Rxc1 26. Rxc1 Rc8 27.
Rxc8+ Bxc8 28. Qa8 Qc7 29. h3 Qb7 30. Qxb7 Bxb7 31. g4 Kf7 32. Kh2 g5 33. Kg3
Kf6 34. b3 Bd5 35. b4 h6 36. f3 Bb3 37. Kf2 Ke6 38. Ke3 Kd5 39. f4 exf4+ 40. Kf3
Kd4 41. Ke2 Bc2 42. Kf3 Bxd3 43. Kf2 Ke4 44. Ke1 Kf3 45. Kd2 Bf1 46. Ke1 Bxh3
0-1

[Event "AUTO-INT-3766"]
[Site "http://www.queenalice.com/game.php?id=1802905"]
[Date "2022.12.29"]
[Round "2"]
[White "darthvedder72"]
[Black "ungern"]
[Result "1-0"]
[WhiteElo "1991"]
[BlackElo "1811"]

1. b3 d5 2. Bb2 e6 3. e3 Nf6 4. Nf3 Bd6 5. d4 Nc6 6. c4 dxc4 7. bxc4 Ne4 8. Bd3
f5 9. O-O Bd7 10. Nbd2 Nxd2 11. Qxd2 Nb4 12. Bb1 Qe7 13. a3 Nc6 14. c5 Bxh2+ 15.
Kxh2 O-O-O 16. Ba2 Rhg8 17. Ne1 Qh4+ 18. Kg1 Ne7 19. f4 Ng6 20. Nf3 Qg4 21. Ne5
Nxe5 22. fxe5 Bb5 23. Rf4 Qg3 24. Bxe6+ Bd7 25. Bxf5 Bxf5 26. Rxf5 Rgf8 27. Rxf8
Rxf8 28. Rf1 Re8 29. Qf2 Qg5 30. Qf5+ Qxf5 31. Rxf5 c6 32. Rf7 Rg8 33. e6 Re8
34. e7 Kd7 35. Rxg7 Rxe7 36. Rxe7+ Kxe7 37. e4 b5 38. Kf2 a5 39. d5 cxd5 40.
exd5 b4 41. axb4 axb4 42. Ke3 b3 43. Kd3 h5 44. Ke4 h4 45. Ke5 Kd7 46. Kf6 Kd8
47. Ke6 Kc7 48. d6+ Kd8 49. c6 h3 50. gxh3 1-0

[Event "AUTO-INT-3766"]
[Site "http://www.queenalice.com/game.php?id=1802906"]
[Date "2022.12.29"]
[Round "2"]
[White "ungern"]
[Black "somchess"]
[Result "0-1"]
[WhiteElo "1813"]
[BlackElo "2330"]

1. e4 c5 2. d3 Nc6 3. Nf3 d6 4. Be2 Nf6 5. O-O g6 6. Bd2 Bg7 7. Nc3 O-O 8. a3 d5
9. exd5 Nxd5 10. Nxd5 Qxd5 11. c4 Qd8 12. Ng5 Nd4 13. Bg4 f5 14. Be2 e5 15. Nf3
e4 16. dxe4 fxe4 17. Nxd4 cxd4 18. Qc1 d3 19. Bd1 Bd4 20. Re1 Bxf2+ 21. Kh1 Bxe1
22. Bxe1 Rf1# 0-1

[Event "AUTO-INT-3766"]
[Site "http://www.queenalice.com/game.php?id=1802907"]
[Date "2022.12.29"]
[Round "2"]
[White "somchess"]
[Black "ungern"]
[Result "1-0"]
[WhiteElo "2312"]
[BlackElo "1802"]

1. d4 d5 2. c4 dxc4 3. e3 e6 4. Bxc4 Bd6 5. Nf3 Nf6 6. Nc3 O-O 7. O-O Nc6 8. e4
Be7 9. h3 a6 10. Be3 b5 11. Bb3 Bb7 12. a3 Na5 13. Bc2 Nc6 14. Qe2 Qd7 15. Rad1
Qc8 16. e5 Nd7 17. Bc1 h6 18. d5 exd5 19. Nxd5 Na5 20. Nxe7+ 1-0

[Event "AUTO-INT-3754"]
[Site "http://www.queenalice.com/game.php?id=1809482"]
[Date "2023.4.6"]
[Round "2"]
[White "Erlofabr"]
[Black "ungern"]
[Result "1-0"]
[WhiteElo "1689"]
[BlackElo "1811"]

1. d4 d5 2. Nc3 Nf6 3. Nf3 Nc6 4. Bf4 e6 5. Nb5 Bd6 6. Bg5 O-O 7. Qd3 Be7 8. Bh4
Ne4 9. c4 Bxh4 10. g3 Bf6 11. e3 a6 12. Na3 Nb4 13. Qb3 Be7 14. Bd3 Nxd3+ 15.
Qxd3 b5 16. c5 c6 17. Ne5 Bb7 18. f3 Ng5 19. h4 Nxf3+ 20. Nxf3 Qc7 21. Ne5 Bf6
22. h5 Bxe5 23. dxe5 Qxe5 24. O-O-O Qxg3 25. h6 g6 26. Rdg1 Qe5 27. Nc2 f5 28.
Nd4 f4 29. Rxg6+ Kf7 30. Rxe6 Qc7 31. Qxh7# 1-0

[Event "AUTO-INT-3754"]
[Site "http://www.queenalice.com/game.php?id=1809483"]
[Date "2023.4.6"]
[Round "2"]
[White "ungern"]
[Black "Erlofabr"]
[Result "0-1"]
[WhiteElo "1790"]
[BlackElo "1710"]

1. e4 c5 2. d3 Nc6 3. Nf3 e5 4. Be2 Nh6 5. O-O Ng4 6. Ng5 Nh6 7. Be3 Be7 8. Nf3
Ng4 9. h3 Nf6 10. Nc3 Nb4 11. a3 Nc6 12. b4 b6 13. Nd2 cxb4 14. axb4 Bxb4 15.
Na2 Bd6 16. c4 O-O 17. Nc3 h6 18. Nb5 Bb8 19. Nb3 a6 20. Nc3 Bb7 21. Nd5 Nxd5
22. cxd5 Nb4 23. f4 f5 24. exf5 Rxf5 25. fxe5 Rxe5 26. Bd4 Rxd5 27. Bf3 Qc7 28.
Bxd5+ Nxd5 29. Kf2 Qg3+ 30. Ke2 Qxg2+ 31. Bf2 Nc3+ 0-1

[Event "AUTO-INT-3754"]
[Site "http://www.queenalice.com/game.php?id=1809486"]
[Date "2023.4.6"]
[Round "2"]
[White "ungern"]
[Black "Merlin_AAC"]
[Result "0-1"]
[WhiteElo "1789"]
[BlackElo "1901"]

1. e4 d5 2. exd5 Nf6 3. Bc4 Bd7 4. Nf3 h6 5. O-O a6 6. Nc3 g5 7. d3 Bg7 8. d4
Bg4 9. Be2 Nxd5 10. Nxd5 Qxd5 11. Be3 Nc6 12. Nxg5 Bxe2 13. Qxe2 hxg5 14. f4
Bxd4 15. Rad1 O-O-O 16. Bxd4 Nxd4 17. Qxe7 Qc4 18. c3 Ne2+ 19. Kf2 Rxd1 20. Rxd1
Nxf4 21. Re1 Nd3+ 0-1

[Event "AUTO-INT-3754"]
[Site "http://www.queenalice.com/game.php?id=1809487"]
[Date "2023.4.6"]
[Round "2"]
[White "Merlin_AAC"]
[Black "ungern"]
[Result "1-0"]
[WhiteElo "1908"]
[BlackElo "1777"]

1. e4 e5 2. Nf3 Nc6 3. Bc4 d6 4. d4 exd4 5. O-O Be6 6. Bxe6 fxe6 7. Bg5 Be7 8.
Bxe7 Qxe7 9. Nxd4 Nxd4 10. Qxd4 e5 11. Qb4 b6 12. Qb5+ Qd7 13. Qxd7+ Kxd7 14.
Nd2 c5 15. c4 Nf6 16. f4 exf4 17. Rxf4 Rhf8 18. Raf1 Rfe8 19. a4 g5 20. Rxf6 Re6
21. Rf7+ Re7 22. Rf8 Rxf8 23. Rxf8 h5 24. Rf5 Rg7 25. Rd5 Rg6 26. Nf3 Ke6 27.
Nxg5+ Kf6 28. h4 1-0